Mad money (Record no. 55614)

MARC details
000 -LEADER
fixed length control field 01482ngm a2200409 4500
001 - CONTROL NUMBER
control field DVD-7810-7818
003 - CONTROL NUMBER IDENTIFIER
control field dpl
005 - DATE AND TIME OF LATEST TRANSACTION
control field 20181219100549.0
006 - FIXED-LENGTH DATA ELEMENTS--ADDITIONAL MATERIAL CHARACTERISTICS--GENERAL INFORMATION
fixed length control field a|||||r|||||00| 0
007 - PHYSICAL DESCRIPTION FIXED FIELD--GENERAL INFORMATION
fixed length control field DVD
008 - FIXED-LENGTH DATA ELEMENTS--GENERAL INFORMATION
fixed length control field ||||||sp199 xxu|||||c ||| 00| 0 ng d
010 ## - LIBRARY OF CONGRESS CONTROL NUMBER
LC control number DVD-007810-7818
024 ## - OTHER STANDARD IDENTIFIER
Standard number or code 287015689
Terms of availability 299.00
024 ## - OTHER STANDARD IDENTIFIER
Standard number or code DVD-E 1568
035 ## - SYSTEM CONTROL NUMBER
System control number DVD-007810-7818
040 ## - CATALOGING SOURCE
Original cataloging agency DPL
Transcribing agency DPL
082 ## - DEWEY DECIMAL CLASSIFICATION NUMBER
Classification number DVD / MADM
245 ## - TITLE STATEMENT
Title Mad money
Statement of responsibility, etc A Maltivision release
Medium [videorecording] DVD/
246 ## - VARYING FORM OF TITLE
Title proper/short title Ninteen Forty Seven The Earth
260 ## - PUBLICATION, DISTRIBUTION, ETC. (IMPRINT)
Name of publisher, distributor, etc Eros International
Place of publication, distribution, etc Mumbai
300 ## - PHYSICAL DESCRIPTION
Extent 1 videodisc DVD;(100 Min)
Other physical details sd., col. ;
Dimensions 4 3/4 in.
Type of unit DVD
306 ## - PLAYING TIME
Playing time 99 Min
440 ## - SERIES STATEMENT/ADDED ENTRY--TITLE
Title Eros International
9 (RLIN) 33048
538 ## - SYSTEM DETAILS NOTE
System details note Subtitles: English, Sound: Solby Digital 5.1/Stereo, Format: Pal Region 5, Aspect Ratio: Anamorphic, Colour
650 ## - SUBJECT ADDED ENTRY--TOPICAL TERM
Topical term or geographic name as entry element Motion Picture
9 (RLIN) 33049
700 ## - ADDED ENTRY--PERSONAL NAME
Personal name Flannigan, Michael
9 (RLIN) 33050
700 ## - ADDED ENTRY--PERSONAL NAME
Personal name Frank DeMartini, Jay Cohen
9 (RLIN) 33051
700 ## - ADDED ENTRY--PERSONAL NAME
Personal name Acheson, James
9 (RLIN) 33052
700 ## - ADDED ENTRY--PERSONAL NAME
Personal name Gers, Glenn
9 (RLIN) 33053
700 ## - ADDED ENTRY--PERSONAL NAME
Personal name Khouri, Callie
9 (RLIN) 33054
700 ## - ADDED ENTRY--PERSONAL NAME
Personal name Keator, Dine
9 (RLIN) 33113
700 ## - ADDED ENTRY--PERSONAL NAME
Personal name Latifah, Queen
9 (RLIN) 33114
700 ## - ADDED ENTRY--PERSONAL NAME
Personal name Holmes, Katie
9 (RLIN) 33115
942 ## - ADDED ENTRY ELEMENTS (KOHA)
Item type CD-ROMs, DVDs, VHS
Source of classification or shelving scheme Dewey Decimal Classification
Classification part DVD
Call number suffix MADM
Holdings
Withdrawn status Lost status Source of classification or shelving scheme Damaged status Not for loan Collection code Home library Current library Date acquired Source of acquisition Cost, normal purchase price Total Checkouts Full call number Barcode Date last seen Date last borrowed Copy number Cost, replacement price Price effective from Koha item type Total Renewals
    Dewey Decimal Classification     Fiction Central Library Central Library 19/08/2011 Pioneers Office Automation/157/19.5.11/295/28.3.11/14.7.11 299.00 6 DVD MADM DVD-007810 16/06/2014 07/06/2014 1 299.00 19/08/2011 CD-ROMs, DVDs, VHS  
    Dewey Decimal Classification     Fiction Janak Puri Janak Puri 19/08/2011 Pioneers Office Automation/157/19.5.11/295/28.3.11/14.7.11 299.00 3 DVD MADM DVD-007812 04/12/2021 06/06/2012 1 299.00 19/08/2011 CD-ROMs, DVDs, VHS  
    Dewey Decimal Classification     Fiction Karol Bagh Karol Bagh 19/08/2011 Pioneers Office Automation/157/19.5.11/295/28.3.11/14.7.11 299.00 4 DVD MADM DVD-007816 07/10/2013 28/09/2013 1 299.00 19/08/2011 CD-ROMs, DVDs, VHS  
    Dewey Decimal Classification     Fiction Narela Narela 19/08/2011 Pioneers Office Automation/157/19.5.11/295/28.3.11/14.7.11 299.00   DVD MADM DVD-007817 19/08/2011   1 299.00 19/08/2011 CD-ROMs, DVDs, VHS  
    Dewey Decimal Classification     Fiction Patel Nagar Patel Nagar 19/08/2011 Pioneers Office Automation/157/19.5.11/295/28.3.11/14.7.11 299.00 1 DVD MADM DVD-007811 07/11/2013 15/10/2013 1 299.00 19/08/2011 CD-ROMs, DVDs, VHS  
    Dewey Decimal Classification     Fiction R.K.Puram-8 R.K.Puram-8 19/08/2011 Pioneers Office Automation/157/19.5.11/295/28.3.11/14.7.11 299.00 4 DVD MADM DVD-007814 12/04/2013 23/03/2013 1 299.00 19/08/2011 CD-ROMs, DVDs, VHS 1
    Dewey Decimal Classification     Fiction Sarojini Nagar Sarojini Nagar 19/08/2011 Pioneers Office Automation/157/19.5.11/295/28.3.11/14.7.11 299.00 11 DVD MADM DVD-007813 28/12/2016 17/12/2016 1 299.00 19/08/2011 CD-ROMs, DVDs, VHS 1
    Dewey Decimal Classification     Fiction Shahdara Branch Shahdara Branch 19/08/2011 Pioneers Office Automation/157/19.5.11/295/28.3.11/14.7.11 299.00   DVD MADM DVD-007818 19/08/2011   1 299.00 19/08/2011 CD-ROMs, DVDs, VHS  
    Dewey Decimal Classification     Fiction Vinoba Puri Vinoba Puri 19/08/2011 Pioneers Office Automation/157/19.5.11/295/28.3.11/14.7.11 299.00 5 DVD MADM DVD-007815 27/07/2018 10/07/2018 1 299.00 19/08/2011 CD-ROMs, DVDs, VHS  

© Delhi Public Library
Hit Counter
free hit counter